00397 2200157 4500001002100000008004100021035002000062245002900082100001800111260003200129300002200161020002200183084001400205082000800219990001200227INLIS000000000002863 IND  a0010-0925000210 aBait RasacFitri Aprilia aFitri Aprilia aJakartabRumah Oranyec2014 a204c(13 x 19 cm) a978-602-1588-81-9 a813 FIT b a813 a0755085